000 00677nam a2200205Ii 4500
003 JO-AjNU
008 230605s9999||||xx |||||||||||||| ||und||
040 _aJO-AjNU
_bara
_erda
_cJO-AjNU
041 _aara
050 1 4 _aLC149.S8.1980
100 3 _aصبيح، نبيل أحمد عامر,
_eauthor
_939347
245 0 0 _aدراسات وبحوث في محو الأمية وتعليم الكبار
250 _aط1
264 3 1 _aالقاهرة:عالم الفكر،1980
300 _a204ص
336 _atext
_btxt
_2rdacontent
337 _aunmediated
_bn
_2rdamedia
338 _avolume
_bnc
_2rdacarrier
650 4 _aالتعليم-محو الأمية-دراسات
_939348
999 _aA16610
_c20178
_d20178